Recerques històrico-arqueològiques al Berguedà (1983-1986) : església de Sant Vicenç de Rus, església de Santa Eulàlia de Gironella, Pont Vell de la Pobla de Lillet església de Sant Vicenç de Rus, església de Santa Eulàlia de Gironella, Pont Vell de la Pobla de Lillet
ISBN:
84-7794-038-x
Descripción Física:
201 p. : il., negre i col. ; 21 x 30 cm
Colección:
Quaderns Científics i Tècnics ; 1
MARC
| LEADER | 00000nam a2200000Ia 4500 | ||
|---|---|---|---|
| 001 | 8784 | ||
| 008 | 160829s1989 xx 000 0 cat d | ||
| 020 | |a 84-7794-038-x | ||
| 080 | |a FOL-1-151 | ||
| 245 | |a Recerques històrico-arqueològiques al Berguedà (1983-1986) : |b església de Sant Vicenç de Rus, església de Santa Eulàlia de Gironella, Pont Vell de la Pobla de Lillet | ||
| 260 | |a Barcelona : |b Diputació de Barcelona. Servei del Patrimoni Arquitectònic, |c 1989 | ||
| 300 | |a 201 p. : |b il., negre i col. ; |c 21 x 30 cm | ||
| 490 | |a Quaderns Científics i Tècnics ; 1 | ||
| 650 | |a Monuments |x Conservació i restauració |x Berguedà |9 26375 | ||
| 710 | |a Barcelona (Catalunya : Província). |b Servei de Patrimoni Arquitectònic |9 54081 | ||
| 901 | |a Arxiu | ||
| 942 | |n 1 | ||
| 952 | |0 0 |1 0 |4 0 |6 FOL1151 |7 1 |9 44429 |a Arxiu |b Arxiu |d 2016-12-01 |l 0 |o FOL-1-151 |p 8784 |r 2016-12-01 00:00:00 |w 2016-12-01 |y ARXIU | ||
| 999 | |c 47010 |d 47010 | ||